La nueva ciencia de la mente: historia de la revolución cognitiva

Este es un relato de la primera historia ampliada de la ciencia cognitiva. El texto nos brinda el desarrollo autentico de un capitulo científico nuevo en la búsqueda constante de la mente por conocerse a si misma.

Saved in:
Bibliografiske detaljer
Hovedforfatter: Gardner, Howard
Format: Bog
Sprog:Spanish
Udgivet: Barcelona: Ediciones Paidós Ibérica, 1996
Serier:Biblioteca cognición y desarrollo humano; No. 15
Fag:
Online adgang:Enlace del recurso
Tags: Tilføj Tag
Ingen Tags, Vær først til at tagge denne postø!

MARC

LEADER 00000nam a2200000 a 4500
001 000857
008 030410s1996 sp # fr# #000|0#spa#d
020 |a 84-7509-503-8 
041 0 |a spa 
043 |a e-sp--- 
082 0 4 |a 153.4  |b G162n 
100 1 |a Gardner, Howard 
245 1 3 |a La nueva ciencia de la mente:  |b historia de la revolución cognitiva   |c Howard Gardner 
260 |a Barcelona:  |b Ediciones Paidós Ibérica,  |c 1996 
300 |a 449 p. 
440 0 |a Biblioteca cognición y desarrollo humano;  |v No. 15 
504 |a Incluye bibliografía. 
520 3 |a Este es un relato de la primera historia ampliada de la ciencia cognitiva. El texto nos brinda el desarrollo autentico de un capitulo científico nuevo en la búsqueda constante de la mente por conocerse a si misma. 
534 |p Título original:  |t The mind's new science : a history of the cognitive revolution 
650 1 4 |a INTELIGENCIA 
650 1 4 |a COGNICIÓN 
999 |c 3009  |d 3009 
856 |u https://catalogo.idep.edu.co/cgi-bin/koha/opac-detail.pl?biblionumber=3009  |z Enlace del recurso